000 00688cam a22002293a 4500
001 30358
003 PGUSA
005 20140828083645.0
008 091029s2009||||xxu|||||s|||||000 | eng d
040 _aPGUSA
_beng
042 _adc
050 4 _aDA
100 1 _aWalter, James Conway
245 1 2 _aA History of Horncastle :
_bfrom the earliest period to the present time
_h[electronic resource] /
_cJames Conway Walter
260 _bProject Gutenberg,
_c2009
506 _aPublic domain in the USA.
516 _aElectronic text
653 _aHorncastle (England) -- History
830 0 _aProject Gutenberg
_v30358
856 4 0 _uhttp://www.gutenberg.org/ebooks/30358
942 _cEB
999 _c259613
_d259613